000 01242cam a2200241 4500
001 6901
010 _a 96052330
020 _a0631201491
020 _a0631201505 (pbk)
082 0 0 _a302.23/45
_221
100 1 _aBarker, Chris,
_d1955-
245 1 0 _aGlobal television :
_ban introduction /
_cChris Barker.
260 _aOxford, UK ;
_aMalden, Mass. :
_bBlackwell Publishers,
_c1997.
300 _aix, 260 p. ;
_c23 cm.
504 _aIncludes bibliographical references p. [231]-243) and index.
505 _aPreface and acknowledgements. Part I: The Global Institution of Television: 1. Modernity and Global Television. 2. What is Global Television? Part II: Primetime Goes Global: Programmes and Audiences: 3: Global Soaps and Global News. 4. Television and Global Audiences. 5. Television, Identity and Global Audiences. 6. The Global and the Local: Cultural Imperialism. 7. Conclusion: The Future of Global Television? Index.
_g
_r
_t
650 0 _aTelevision and politics.
650 0 _aTelevision broadcasting
_xEconomic aspects.
650 0 _aTelevision broadcasting of news.
650 0 _aTelevision soap operas
_xHistory and criticism.
650 0 _aTelevision viewers
_xPsychology.
999 _c5840
_d5840